El cultivo de los agrios / (Registro nro. 8681)
[ vista simple ]
| 000 -CABECERA | |
|---|---|
| Campo de control interno | 01829nam a2200253Ia 4500 |
| 008 - ELEMENTOS DE LONGITUD FIJA - INFORMACIÓN GENERAL | |
| Campo de control de longitud fija | 260220t1963||||xx |||||||||||||| ||spa|| |
| 040 ## - FUENTE DE CATALOGACIÓN | |
| Agencia de catalogación original | PY-SlUNAC |
| Idioma de catalogación | spa |
| Convenciones de descripción | rda |
| 041 ## - CÓDIGO DE IDIOMA | |
| Código de idioma para texto/pista de sonido o título separado | spa |
| 082 ## - NÚMERO DE CLASIFICACIÓN DECIMAL DEWEY | |
| Clasificación Decimal Dewey (CDD) | 634.304 |
| Clasificación Expansiva de Cutter (EC) | G589c |
| 100 ## - ASIENTO PRINCIPAL - NOMBRE PERSONAL | |
| Nombre personal | González Sicilia, Juan Eusebio |
| Rol del autor | Autor |
| 245 #0 - TÍTULO | |
| Título | El cultivo de los agrios / |
| Mención de responsabilidad | por Juan Eusebio González Sicilia [Autor] |
| 250 ## - MENCIÓN DE EDICIÓN | |
| Mención de edición | Segunda edición |
| 264 ## - PIE DE IMPRENTA | |
| Lugar | Madrid : |
| Editorial | Instituto Nacional de Investigación Agronómica, |
| Año | ℗1963. |
| 300 ## - DESCRIPCIÓN FÍSICA | |
| Páginas | 1 volumen |
| 520 ## - NOTA DE RESUMEN | |
| Nota de resumen | El libro "El cultivo de los agrios" de Juan Eusebio González Sicilia, publicado en 1963 por el Instituto Nacional de Investigación Agronómica, es una obra fundamental que aborda las técnicas y prácticas relacionadas con el cultivo de cítricos. A lo largo de sus capítulos, el autor detalla las condiciones climáticas, edáficas y agronómicas necesarias para el desarrollo óptimo de estas plantas, así como las variedades más adecuadas para distintas regiones. Además, se discuten aspectos relacionados con la propagación, el manejo del riego, la fertilización y el control de plagas y enfermedades. González Sicilia también enfatiza la importancia de la investigación científica en la mejora de los cultivos y la productividad, ofreciendo un enfoque práctico y sistemático que puede ser útil tanto para agricultores como para investigadores. El texto combina teoría y práctica, proporcionando una guía integral para el cultivo eficiente y sostenible de los agrios, contribuyendo así al desarrollo agropecuario en el contexto español de la época. |
| 653 ## - MATERIA - TÉRMINO TEMÁTICO NO CONTROLADO (PALABRAS CLAVE) | |
| Materia - término temático no controlado (palabras clave) | Agricultura |
| 653 ## - MATERIA - TÉRMINO TEMÁTICO NO CONTROLADO (PALABRAS CLAVE) | |
| Materia - término temático no controlado (palabras clave) | Cultivo |
| 653 ## - MATERIA - TÉRMINO TEMÁTICO NO CONTROLADO (PALABRAS CLAVE) | |
| Materia - término temático no controlado (palabras clave) | Frutales |
| 942 ## - ELEMENTOS PERSONALIZADOS (KOHA) | |
| Fecha catalogación | 2026/02/17 |
| Tipo de documento | Libros |
| Fuente de Clasificacion | Colección | Ubicacion permanente | Biblioteca actual | Fecha de Ingreso a la Biblioteca | Origen de adquisición | Enumeración en serie / cronología | Código de ubicación | Código de barras | Tipo de Item KOHA | Nota pública |
|---|---|---|---|---|---|---|---|---|---|---|
| Dewey Decimal Classification | Colección General (CG) | Biblioteca e Internet, Facultad de Ciencias Exactas y Naturales | Biblioteca e Internet, Facultad de Ciencias Exactas y Naturales | 02/20/2026 | Donación | 2aEd. | 634.304 G589c | CG2041 | Libros | Material disponible en la Biblioteca e Intenet, Campus UNA, San Lorenzo. |


